000
00257nam a22001217a 4500
082
_a
823
_b
COB/P
100
_a
CABOT, MEG
245
_a
TEN OUT OF TEN
260
_a
UNITED KINGDOM
_b
MACMILLAN
300
_a
383
650
_a
NOVEL
_z
UNITED KINGDOM
942
_c
BK
999
_c
2898
_d
2898